Copérnico

Guardat en:
Dades bibliogràfiques
Autor principal: Armitage, Angus (Autor)
Format: Llibre
Idioma:espanyol
Publicat: Buenos Aires Peuser 1952
Matèries:
Etiquetes: Afegir etiqueta
Sense etiquetes, Sigues el primer a etiquetar aquest registre!

MARC

LEADER 00000nam a2200000 a 4500
001 UCH1066
003 CL-VaPUC
008 090409e19520000AG |||||||||||||||||spa|d
082 0 4 |a 520.1  |b ARM  |2 21 
100 0 |a Armitage, Angus  |e author  |9 535406 
245 1 0 |a Copérnico 
300 |a 231 p 
942 |c BK 
945 |d 20090409 00:00:00  |a rbrito 
260 |a Buenos Aires  |b Peuser  |c 1952 
600 0 |a Copérnico, Nicolás  |9 269241 
650 0 |a Astronomía  |9 260985 
650 0 |a Científicos   |9 262025 
650 7 |a CALENDARIOS  |2 CL-VaPUC  |9 352246 
650 0 |a Filosofía de las ciencias  |9 256466 
650 0 |a Física   |9 227844 
583 |a last modification  |c 20121001 11:08:06  |k Rodrigo Vera 
999 |c 333146  |d 333144 
952 |0 0  |1 0  |4 0  |6 520_100000000000000_ARM_1952  |7 0  |8 A  |9 421345  |a BIBCUR  |b BIBCUR  |d 2019-11-22  |i 4534387  |o 520.1 ARM 1952  |p 4534387  |r 2025-04-22  |w 2019-11-22  |y BK  |k FIS